| 000 | 02012nam0a2200409 4500 | ||
|---|---|---|---|
| 001 | 14068 | ||
| 003 | http://www.sudoc.fr/295527390 | ||
| 005 | 20260401192805.0 | ||
| 010 |
_a9782807104471 _d10 EUR |
||
| 035 | _a(OCoLC)1581705376 | ||
| 073 | 0 | _a9782807104471 | |
| 090 | _a14068 | ||
| 099 | _o0 | ||
| 100 | _a20260326d2025 m y0frey50 ba | ||
| 101 | 0 | _afre | |
| 102 | _aBE | ||
| 105 | _ay ||||000by | ||
| 181 |
_6z01 _ctxt _2rdacontent |
||
| 181 | 1 |
_6z01 _ai# _bxxxe## |
|
| 182 |
_6z01 _cn _2rdamedia |
||
| 182 | 1 |
_6z01 _an |
|
| 183 | 1 |
_6z01 _anga _2RDAfrCarrier |
|
| 200 | 1 |
_aSylvia et Léonard _bLIVR |
|
| 214 | 0 |
_cEmile&Cie éditions _dDL 2025 |
|
| 214 | 0 | _aManage | |
| 215 | _a1 volume (40 pages) | ||
| 215 |
_ccouverture illustrée en couleurs _d21 cm |
||
| 225 | 1 |
_aEn direct de la scène _v10 |
|
| 323 | _a3 personnages | ||
| 330 | _aSylvia et Léonard vivent parfois leur existence sur un mode imaginaire. Ils s'inventent des bouffées de vie qu'ils n'ont pas vécues. Se manifestent alors des attentes, des illusions, des tromperies, des élans d'amour. Sans doute éprouvent-ils un fort désir de vivre plus pleinement, plus intensément. Mais ils sont aussi confrontés à l'urgence de combler une absence qui les déroute : Théo, leur grand fils, les a quittés. Pour quelles raisons ? Pour aller où ? Pour faire quoi ? Le tête-à-tête de Sylvia et Léonard n'a rien de conventionnel. Leurs échanges sont autant de joutes verbales. Mais savent-ils que leur réalité est aussi une fiction dans laquelle ils sont des acteurs de bonne foi ? Jean-Marie Piemme, dramaturge et pédagogique belge, a écrit plusieurs dizaines de pièces pour la plupart créées, publiées et primées. | ||
| 410 | _0275074242 | ||
| 410 |
_tEn direct de la scène _v10 |
||
| 608 |
_3033293074 _aThéâtre (genre littéraire) belge de langue française _2rameau |
||
| 610 |
_acouple _aamour |
||
| 700 | 1 |
_aPiemme _bJean-Marie _f1944-.... |
|
| 700 | 1 |
_3027072517 _cdramaturge _4070 |
|
| 801 | 3 |
_aFR _bAbes _c20260326 _gAFNOR |
|